Podnikanie a daňový systém v SR

Dane sú nevyhnutné pre príjem štátneho rozpočtu. Štruktúra príjmov štátneho rozpočtu. Daňová politika a daňový systém. Sadzby DPH a korporátnych daní v krajinách EÚ. Spravodlivosť daňového systému sa odráža v tom, ako spravodlivo je daňové bremeno rozdelené medzi obyvateľov.

Salvato in:
Dettagli Bibliografici
Autore principale: Šubjak, Jozef
Natura: Capitolo di libro
Lingua:slovacco
Soggetti:
Tags: Aggiungi Tag
Nessun Tag, puoi essere il primo ad aggiungerne!!

MARC

LEADER 00000naa$a2200000$$$4500
001 0046974
005 20221128095414.9
041 0 |a slo 
044 |a SK 
245 1 0 |a Podnikanie a daňový systém v SR  |c Jozef Šubjak 
520 |a Dane sú nevyhnutné pre príjem štátneho rozpočtu. Štruktúra príjmov štátneho rozpočtu. Daňová politika a daňový systém. Sadzby DPH a korporátnych daní v krajinách EÚ. Spravodlivosť daňového systému sa odráža v tom, ako spravodlivo je daňové bremeno rozdelené medzi obyvateľov. 
610 2 0 |a dane 
610 2 0 |a systémy daňové 
610 2 0 |a Slovensko 
610 2 0 |a politika daňová 
610 2 0 |a rozpočet štátny 
610 2 0 |a príjmy rozpočtu štátneho 
610 2 0 |a podnikanie 
100 1 |a Šubjak, Jozef